A soldier’s embrace

Saved in:
Bibliographic Details
Main Author: GORDIMER, Nadine
Format: Book
Language:English
Published: Penguin Books, 1982.
Tags: Add Tag
No Tags, Be the first to tag this record!

MARC

LEADER 00000nam a22000007a 4500
008 210122b ||||| |||| 00| 0 eng d
020 |a 0-14-005925-3 
100 |a GORDIMER, Nadine. 
245 |a A soldier’s embrace  |c Nadine Gordimer  |g  144p. 
260 |b  Penguin Books,   |c 1982.  |h New York:  |i 694435  |l PR9369.3 .G6So4  |m South Africa – Social life and customs – Fiction. 
942 |a lcc  |c BK  |e Adeniran, F. A  |f 22/01/2021 
952 |0 0  |1 0  |2 lcc  |4 0  |6 PR93693 G6 S O4  |7 0  |9 1550  |a HOL  |b HOL  |c LP  |d 2021-01-22  |l 0  |o PR9369.3 .G6So4  |p 2021-0339  |r 2021-01-22 00:00:00  |w 2021-01-22  |y BK 
999 |c 816  |d 816